Statistiques concernant Batman Family Famille et Alliés

Cliquez ici pour prendre le quiz!

Statistiques générales

  • Ce quiz a été pris 253 fois
  • Le résultat moyen est 10 sur 19

Statistiques - réponses

DescriptionBat Membres% Correct
Personnage central de la familleBatman / Bruce Wayne
99%
Fille du commissaireBatgirl / Barbara Gordon
95%
Fils biologiqueRobin / Damian Wayne
93%
Voleuse hors-pairCatwoman / Sélina Kyle
90%
Masque RougeRed Hood / Jason Todd
85%
Protecteur de BlüdhavenNightwing / Dick Grayson
81%
Génie informatiqueRed Robin / Tim Drake
81%
Major d'homme et père de substitutionAlfred Pennyworth
75%
Créateur des gadgetsLucius Fox
62%
CousineBatwoman / Kate Kane / Katherine Kane
54%
Ordre de Saint DumasAzrael / Jean Paul Valley
47%
Fils de ce dernierBatwing / Luke Fox / Lucas Fox
39%
La copine de ce dernierSpoiler / Stéphanie Brown
20%
Fille d'un mafieux décédéHuntress / Héléna Bertinelli
19%
La fille de Lady ShivaOrphan / Cassandra Cain
19%
Garde la BatcaveAce / Chien
16%
Protecteur la journéeSignal / Duke Thomas
16%
Sœur de GothamGotham Girl / Claire Cover
7%
Fantôme blancGhost Maker
5%

Distribution des résultats

Percentile par nombre de réponses

% des personnes avec chaque résultat

Votre développement - résultats

Vous n’avez pas pris ce quiz